|
|
|
|
| LEADER |
01361nam a2200337 4500 |
| 001 |
DLU190189566 |
| 005 |
##20190225 |
| 020 |
# |
# |
|a 9786049225048
|
| 040 |
# |
# |
|a DLU
|b vie
|
| 041 |
# |
# |
|a vie
|
| 044 |
# |
# |
|a vn
|
| 082 |
# |
# |
|a 657
|b Ket
|
| 245 |
# |
# |
|a Kế toán quản trị :
|b Lý thuyết - Bài tập - Bài giải /
|c Nguyễn Thị Loan, Trần Quốc Thịnh đồng chủ biên.
|
| 260 |
# |
# |
|a Tp. Hồ Chí Minh :
|b Kinh tế,
|c 2017.
|
| 300 |
# |
# |
|a 341 tr. :
|b bảng;
|c 24 cm.
|
| 504 |
# |
# |
|a Tài liệu tham khảo: tr. 340-341.
|
| 505 |
# |
# |
|a Chương 1. Tổng quan về kế toán quản trị -- Chương 2. Chi phí và phân loại chi phí -- Chương 3. Phân tích mối quan hệ giữa chi phí - khối lượng - lợi nhuận -- Chương 4. Dự toán ngân sách -- Chương 5. Các quyết định về giá bán sản phẩm -- Chương 6. Ứng dụng thông tin thích hợp trong việc ra quyết định ngắn hạn trong kinh doanh.
|
| 650 |
# |
# |
|a Kế toán quản trị.
|
| 700 |
# |
# |
|a Nguyễn Thị Loan,
|c PGS.TS.
|e chủ biên.
|
| 700 |
# |
# |
|a Trần Quốc Thịnh,
|c TS.
|e chủ biên.
|
| 923 |
# |
# |
|a 05/2018
|
| 991 |
# |
# |
|a SH
|
| 992 |
# |
# |
|a 99000
|
| 994 |
# |
# |
|a DLU
|
| 900 |
# |
# |
|a True
|
| 911 |
# |
# |
|a Nguyễn Thanh Hương
|
| 925 |
# |
# |
|a G
|
| 926 |
# |
# |
|a A
|
| 927 |
# |
# |
|a SH
|
| 980 |
# |
# |
|a Thư viện Trường Đại học Đà Lạt
|